000
00289nam a2200109Ia 4500
008
220204s9999 xx 000 0 und d
082
_a
31:67
_b
BEL
100
_a
Belz, Maurice H
245
0
_a
Statistical methods for the process industries
260
_a
London
_b
Macmillan
_c
1973
942
_c
BK
999
_c
22948
_d
22948